00782nam a22002177a 4500003001100000005001700011008004100028040003900069041000800108082001300116100002100129245005000150260004100200650001800241650001900259942000700278952008800285952008800373952008800461999001500549LK-CoMWRAF20231017134250.0231017b1997 |||||||| |||| 00| 0 eng d aLK-CoMWRAFdLK-CoMWRAFeLK-CoMWRAF aeng a428bFER aFernando, Herman aNotes on R. K. Narayan's the English teacher  aNagoda :bA Denuma publicationc1997 aR. K. Narayan aTeaching notes cBK 00104070aMAINbMAINd2023-10-17l0o428 FERpRAF2283r2023-10-17w2023-10-17yBK 00104070aMAINbMAINd2023-10-17l0o428 FERpRAF2284r2023-10-17w2023-10-17yBK 00104070aMAINbMAINd2023-11-02l0o428 FERpRAF2637r2023-11-02w2023-11-02yBK c3912d3912